Three Colorful Hints Quiz Stats

 Plays Quiz Updated Jun 15, 2017

Support Sporcle.
Go Orange.
Score 0/12 Timer 04:00
1 Play Today
Three Hints Color % Correct
Panther, Floyd, LadyPink
98%
Eyed Girl, Bread, BearBrown
97.7%
Jack, Magic, CauldronBlack
97.3%
Stone, Pages, SubmarineYellow
96.9%
Bull, Arrows, NoseRed
96.3%
Elephant, House, NoiseWhite
96%
Whale, Peter, CheeseBlue
95.9%
Rush, Digger, LeafGold
94.1%
Hound, Goose, PouponGrey
93.7%
Linings Playbook, Bullet, StoneSilver
93.4%
Day, Party, RiverGreen
89%
Julius, Mountain Bikes, CountyOrange
87.7%

You're not logged in!

Compare scores with friends on all Sporcle quizzes.
OR
Log In
Forgot?

From the Vault

Two Clues: 'R' Words

by MSUKent

Two clues!? Back in our day, we got maybe half a clue, and we thought that was generous.
Remove Ads.
Support Sporcle.
Get the best of Sporcle when you Go Orange. This ad-free experience offers more features, more stats, and more fun while also helping to support Sporcle. Thank you for becoming a member.

Show Comments

Extras

Top Quizzes Today


Score Distribution

Your Account Isn't Verified!

In order to create a playlist on Sporcle, you need to verify the email address you used during registration. Go to your Sporcle Settings to finish the process.

Report this User

Report this user for behavior that violates our Community Guidelines.

Details: